The moon and sixpence (Record no. 6701)

MARC details
000 -LEADER
fixed length control field 00382nam a2200145 4500
082 ## - DEWEY DECIMAL CLASSIFICATION NUMBER
Classification number 823.8
Item number MAU
100 ## - MAIN ENTRY--PERSONAL NAME
Personal name Maugham,W. Somerset
245 ## - TITLE STATEMENT
Title The moon and sixpence
260 ## - PUBLICATION, DISTRIBUTION, ETC.
Place of publication, distribution, etc. Harmondsworth
Name of publisher, distributor, etc. Penguin Books
Date of publication, distribution, etc. 1944
300 ## - PHYSICAL DESCRIPTION
Extent 216p.; 22cm. -.
490 ## - SERIES STATEMENT
Series statement Penguin books
500 ## - GENERAL NOTE
General note (reprinted 1970 )
650 ## - SUBJECT ADDED ENTRY--TOPICAL TERM
Topical term or geographic name entry element Maugham , W. Somerset - Fiction
650 ## - SUBJECT ADDED ENTRY--TOPICAL TERM
Topical term or geographic name entry element English fiction
Holdings
Withdrawn status Lost status Damaged status Not for loan Collection code Home library Current library Date acquired Total Checkouts Full call number Barcode Date last seen Copy number Price effective from Koha item type Date last checked out
          North Eastern Hill University North Eastern Hill University 24/11/2011   823.8 MAU 212667 24/11/2011 Gen;1 24/11/2011 Books  
        ACADEMIC STAFF COLLEGE North Eastern Hill University North Eastern Hill University 24/11/2011 1 823.8 MAU 588 11/03/2020 Gen 24/11/2011 Books 11/03/2020